| 000 | 01082nam a22003497a 4500 | ||
|---|---|---|---|
| 003 | CHAP | ||
| 005 | 20220817044519.0 | ||
| 008 | 120403s2009 it b rn 00010 fre d | ||
| 010 | _a103003 | ||
| 011 | _a103975 | ||
| 020 | _a9789252063582 | ||
| 035 | _a114664 | ||
| 040 | _cCHAP | ||
| 082 | 0 | 4 |
_a639.2 _bF46f v.902 |
| 110 | 2 | _aFAO | |
| 245 | 1 | 0 |
_aRapport de la session du comité des pêches (28o) _c/por FAO |
| 260 |
_aRoma : _bFAO, _c2009 |
||
| 300 | _axiii, 64 p. | ||
| 490 | 0 |
_aFAO. Informe de pesca y acuicultura _v; 902 |
|
| 500 | _aRome, 2-6 mars 2009 | ||
| 590 |
_aBATCH-UPD _b10 _c20130110 _lUCH01 _h1056 |
||
| 590 |
_aBATCH-UPD _b10 _c20130410 _lUCH01 _h0651 |
||
| 590 |
_aBATCH-UPD _b10 _c20130914 _lUCH01 _h1350 |
||
| 590 |
_aCONVERSION _b10 _c20130109 _lUCH01 _h1357 |
||
| 650 | 1 | 4 | _aPesca. |
| 650 | 1 | 4 |
_aPesca _xLeyes. _987396 |
| 650 | 1 | 4 |
_aPolítica pesquera. _990684 |
| 830 | 1 | 0 |
_aFAO. Informe de pesca y acuicultura _v; 902 _939588 |
| 901 | _aBK | ||
| 942 | _cLIBRO | ||
| 949 |
_a639.2 F46f v.902 _bBC _cFAO _d33724002161116 _eFAO1 _gDonaciØn _h116453 _i114664 _sb |
||
| 999 |
_c103003 _d103003 |
||